000 00637cam a22002293a 4500
001 7281
003 PGUSA
005 20140828083143.0
008 050101s2005||||xxu|||||s|||||000 1 eng d
040 _aPGUSA
_beng
042 _adc
050 4 _aPR
100 1 _aScott, Michael,
_d1789-1835
245 1 0 _aTom Cringle's Log
_h[electronic resource] /
_cMichael Scott
260 _bProject Gutenberg,
_c2005
506 _aPublic domain in the USA.
516 _aElectronic text
653 _aNapoleonic Wars, 1800-1815 -- Fiction
830 0 _aProject Gutenberg
_v7281
856 4 0 _uhttp://www.gutenberg.org/ebooks/7281
942 _cEB
999 _c236601
_d236601